书目信息 |
| 题名: |
战国时代大国的博弈争胜
|
|
| 作者: | 冯立鳌 著 | |
| 分册: | ||
| 出版信息: | 北京 中国言实出版社 2015 |
|
| 页数: | 248页 | |
| 开本: | 24cm | |
| 丛书名: | ||
| 单 册: | ||
| 中图分类: | K231.09 | |
| 科图分类: | ||
| 主题词: | 战国时代--历史--通俗读物 | |
| 电子资源: | ||
| ISBN: | 978-7-5171-0738-5 | |
| 000 | 01003nam0 2200241 450 | |
| 001 | 338413 | |
| 005 | 20150602154815.70 | |
| 010 | @a978-7-5171-0738-5@dCNY45.00 | |
| 100 | @a20150226d2015 em y0chiy50 ea | |
| 101 | 0 | @achi |
| 102 | @aCN@b110000 | |
| 105 | @ay z 000yy | |
| 106 | @ar | |
| 200 | 1 | @a战国时代大国的博弈争胜@Azhan guo shi dai da guo de bo yi zheng sheng@f冯立鳌著 |
| 210 | @a北京@c中国言实出版社@d2015 | |
| 215 | @a248页@d24cm | |
| 300 | @a重读《列国志》——千秋攻略 | |
| 330 | @a本书系统地分析了战国时代若干争雄国家中主要政治人物的政治、军事及外交等谋略, 深刻解剖了他们的性格特点和思维方式, 在时代大环境中考察了他们政治行为的利弊得失和历史功过;在此基础上精辟概括了各国盛衰兴亡的复杂原因, 并试图揭示社会政治发展变化的规律性, 对当今社会政治活动, 以及人们对社会历史的认识, 具有不可多得的借鉴价值。 | |
| 606 | 0 | @a战国时代@x历史@j通俗读物 |
| 690 | @aK231.09@v5 | |
| 701 | 0 | @a冯立鳌@Afeng li ao@f(1958.12)@4著 |
| 801 | 0 | @aCN@b卓展宏图@c20150525 |
| 905 | @dK231.09@e15@f4 | |
| 战国时代大国的博弈争胜/冯立鳌著.-北京:中国言实出版社,2015 |
| 248页;24cm |
| 重读《列国志》——千秋攻略 |
| ISBN 978-7-5171-0738-5:CNY45.00 |
| 本书系统地分析了战国时代若干争雄国家中主要政治人物的政治、军事及外交等谋略, 深刻解剖了他们的性格特点和思维方式, 在时代大环境中考察了他们政治行为的利弊得失和历史功过;在此基础上精辟概括了各国盛衰兴亡的复杂原因, 并试图揭示社会政治发展变化的规律性, 对当今社会政治活动, 以及人们对社会历史的认识, 具有不可多得的借鉴价值。 |
| ● |
| 相关链接 |
|
|
|
|
正题名:战国时代大国的博弈争胜
索取号:K231.09/15
 
预约/预借
| 序号 | 登录号 | 条形码 | 馆藏地/架位号 | 状态 | 备注 |
| 1 | 862083 | 208620839 | 第二样本阅览室/ [索取号:K231.09/15] | 在馆 | |
| 2 | 862084 | 208620848 | 第二借阅区/ [索取号:K231.09/15] | 在馆 | |
| 3 | 862085 | 208620857 | 第二借阅区/ [索取号:K231.09/15] | 在馆 | |
| 4 | 862086 | 208620866 | 第二借阅区/ [索取号:K231.09/15] | 在馆 |